Responses for show #3578 - Wednesday, March 8, 2000

Contestants

[<< previous game]

Lynne Bruchet, a behavior specialist from Tallahassee, Florida

David Grindle, an opera stage manager from Atlanta, Georgia

Rocco Sinisi, a police officer from Rockville Centre, New York (whose 1-day cash winnings total $12,000)

[next game >>]

Jeopardy! Round responses

COUNTRIES BY ORDER
(Alex: We'll give you the order)
INTERNATIONAL FOOD & DRINK
VOICE TALENT
BANNED ON EBAY
FAMOUS FACES
GIMME AN "F"
    $100 19
England/Great Britain

Lynne
    $100 17
Coffee

Lynne
    $100 14
Ren Hoek

Lynne
    $100 1
Guns

Lynne
    $100 2
Kareem Abdul-Jabbar

Rocco
    $100 7
Faucet

David
    $200 27
France

David
    $200 18
Nepal

David
    $200 15
Tony the Tiger

David
    $200 3
Lions, tigers & bears

Rocco
    $200 10
George Burns & Gracie Allen

Lynne
    $200 8
Floyd

David
    $300 28
Mexico

David
    $300 20
Caviar

Lynne
    $300 16
Judy Jetson

Lynne
    $300 4
His parents

Rocco
    $300 11
Janet Jackson

Lynne
    $300 9
Flume

Lynne
    $400 29
(L: What is Germany?)
(D: What is Sweden?)

Denmark

DavidLynne
Triple Stumper
    $400 21
(R: What is yogurt?)
(D: What is whey?)
(L: What is cottage cheese?)
(Alex: A little too specific...just needed cheese)

Cheese

RoccoDavidLynne
Triple Stumper
    $400 23
Garfield

Rocco
    $400 5
Wine/liquor/alcohol

Lynne
    $400 12
Dean Martin

Rocco
    $400 25
Frenzy

Rocco
    $500 30
Spain

David
    $500 22
Coconut shells

Lynne
    $500 24
Howie Mandel

Rocco
    $500 6
Kidneys

Lynne
    $500 13
Antonio Banderas

Rocco
    $1,400 26
Firth

Rocco

Scores at the first commercial break (after clue 16):

Rocco David Lynne
$1,500 $500 $2,200

Scores at the end of the Jeopardy! Round:

Rocco David Lynne
$3,800 $900 $2,400

Double Jeopardy! Round responses

THE HUNDRED YEARS' WAR
GLAND CENTRAL STATION
WOMEN WRITERS
SEARCHING THE GLOBE
TITLE ROLES
(Alex: Name the performer)
GIVE ME SOME DIRECTION
    $200 6
(R: Who is Marie Antoinette?)

Joan of Arc

Rocco
Triple Stumper
    $200 25
Salivary glands

Rocco
    $200 10
Bronte

David
    $200 1
New Zealand

David
    $200 16
Goldie Hawn

Lynne
    $200 11
Downy

Lynne
    $400 7
(L: What is Scotland?)

Wales

Lynne
Triple Stumper
    $400 26
Pituitary gland

David
    $400 21
Jane Austen

Rocco
    $400 2
Greenland

Rocco
    $400 17
Rita Hayworth

Rocco
    $400 12
(R: Who is Masters?)
(L: Who is Weistheimer?)

Manfred Westheimer

RoccoDavidLynne
    $600 8
(Alex: I was hoping you noticed the spelling!)

Geoffrey Chaucer

Lynne
    $600 27
(R: What are adrenaline glands?)

Thyroid gland

Rocco
Triple Stumper
    $600 22
(R: Who is Toni Morrison?)

Anna Quindlen

Rocco
Triple Stumper
    $600 3
Mayans

Lynne
    $600 18
Jodie Foster

Rocco
    $600 13
Leftovers

Lynne
    $800 9
(D: What is a bow & arrow...crossbow?)

Longbow

RoccoDavid
    $1,000 28
(Alex: Hurry! Two clues left - which one?)

Adrenal Glands

David
    $800 23
(less than a minute to go, Rocco...)

Virginia Woolf

Triple Stumper
    $800 4
(D: What is Hammurabi's Code?)

Cuneiform

David
Triple Stumper
    $800 19
(D: Who is Katharine Hepburn?)

Audrey Hepburn

DavidLynne
    $800 14
(D: What is Spanish Harlem?)

Lower East Side

DavidLynne
    $1000 29
[The end-of-round signal sounds.]

the pineal gland

Triple Stumper
    $1000 24
Kate Chopin

Triple Stumper
    $1000 5
(L: Who was Carter?)

Heinrich Schliemann

Lynne
Triple Stumper
    $1000 20
Julia Ormond

Triple Stumper
    $1000 15
Southern Baptists

Lynne

Scores at the end of the Double Jeopardy! Round:

Rocco David Lynne
$4,800 -$100 $5,400

[wagering suggestions for these scores]

Final Jeopardy! Round responses

TEXTILES
(Alex: There's an exciting subject!)
(Alex: What a family, the Bruchets--they own Jeopardy!)
RoccoWhat is Astroturf
$601
LynneWhat is Astroturf?
$4,201
AstroTurf (for the Houston Astrodome)

Final scores:

Rocco David Lynne
$5,401 -$100 $9,601
2nd place: Zenith 36" Stereo TV & Boston Acoustics Home Theater Package 3rd place: High Sierra Sport Company Gift Certificate New champion: $9,601

Game dynamics:

Coryat scores:

Rocco David Lynne
$3,900 -$300 $5,400
15 R
(including 1 DD),
5 W
12 R
(including 1 DD),
6 W
20 R
(including 1 DD),
5 W

Combined Coryat: $9,000

The J! Archive is created by fans, for fans. The Jeopardy! game show and all elements thereof, including but not limited to copyright and trademark thereto, are the property of Jeopardy Productions, Inc. and are protected under law. This website is not affiliated with, sponsored by, or operated by Jeopardy Productions, Inc. Join the discussion at JBoard.tv.